All Cedar Fair Parks - Statistics

General Stats
  • This quiz has been taken 105 times
  • The average score is 9 of 11
Answer Stats
Answer % Correct
Cedar Point
100%
Kings Island
96%
Kings Dominion
92%
Knotts Berry Farm
85%
Carowinds
84%
Dorney Park
77%
Michigan's Adventure
77%
Valleyfair
73%
Canada's Wonderland
72%
Worlds Of Fun
72%
California's Great America
66%
No matching quizzes found
Score Distribution
Percent of People with Each Score
Percentile by Number Answered
Your Score History
You have not taken this quiz